El Caso de la golondrina chillona / (Record no. 26993)

MARC details
000 -LEADER
fixed length control field 00768nam a22002537a 4500
001 - CONTROL NUMBER
control field sjds
003 - CONTROL NUMBER IDENTIFIER
control field sjds
005 - DATE AND TIME OF LATEST TRANSACTION
control field 20220429150532.0
008 - FIXED-LENGTH DATA ELEMENTS--GENERAL INFORMATION
fixed length control field 220429b sp||||| |||| 00| 0 spa d
020 ## - INTERNATIONAL STANDARD BOOK NUMBER
International Standard Book Number 8427207441
020 ## - INTERNATIONAL STANDARD BOOK NUMBER
International Standard Book Number 9788427207448
040 ## - CATALOGING SOURCE
Transcribing agency sjds
041 ## - LANGUAGE CODE
Language code of text/sound track or separate title spa
Language code of original eng
100 ## - MAIN ENTRY--PERSONAL NAME
Personal name Gardner, Erle Stanley.
245 13 - TITLE STATEMENT
Title El Caso de la golondrina chillona /
Statement of responsibility, etc. Erle Stanley Gardner ; [traduccion de Orta Manzano].
246 ## - VARYING FORM OF TITLE
Title proper/short title El Caso de la golondrina chillona
260 ## - PUBLICATION, DISTRIBUTION, ETC. (IMPRINT)
Place of publication, distribution, etc. Barcelona :
Name of publisher, distributor, etc. Molino, D.L.
Date of publication, distribution, etc. 1988.
300 ## - PHYSICAL DESCRIPTION
Extent 223 p. ;
Dimensions 17 cm.
440 ## - SERIES STATEMENT/ADDED ENTRY--TITLE
Title Perry Mason ;
Number of part/section of a work 44
500 ## - GENERAL NOTE
General note Traduccion de: The case of the crying swallow.
600 ## - SUBJECT ADDED ENTRY--PERSONAL NAME
Personal name Mason, Perry (Fictitious character)
Form subdivision Fiction
700 ## - ADDED ENTRY--PERSONAL NAME
Personal name Orta Manzano, Rafael
942 ## - ADDED ENTRY ELEMENTS (KOHA)
Koha item type Libro/Book
Holdings
Withdrawn status Lost status Damaged status Not for loan Home library Current library Date acquired Total Checkouts Full call number Barcode Date last seen Price effective from Koha item type
        San Juan Del Sur -- Biblioteca San Juan Del Sur -- Biblioteca 29/04/2022   M 30028806 29/04/2022 29/04/2022 Libro/Book

Powered by Koha